000 00538nam a22002177a 4500
003 UA-OsUOA
001 47269
007 ta
008 20070716b un ||||| |||| 00| 0 ukr d
100 _aТубіна С.
090 _a908
_bТ-12
942 _cSA
040 _aUA-OsUOA
_bukr
_cUA-OsUOA
_dUA-OsUOA
245 _aПерша леді України вчора побувала в Рівному
300 _aС.1
955 _a0
041 _aukr
080 _a908
773 0 _w47268
650 7 _a908 Краєзнавство
_2UDC
999 _c333366
_d333366